An enhanced secure distributed ledger interoperability framework for medical systems / (Record no. 20677)

MARC details
000 -LEADER
fixed length control field 00559nam a22001697a 4500
008 - FIXED-LENGTH DATA ELEMENTS--GENERAL INFORMATION
fixed length control field 250218b |||||||| |||| 00| 0 eng d
040 ## - CATALOGING SOURCE
Original cataloging agency KABU
Transcribing agency KABU
050 ## - LIBRARY OF CONGRESS CALL NUMBER
Classification number The QA76.76
Item number .B86 2024
100 ## - MAIN ENTRY--PERSONAL NAME
Personal name Bundi, Dorothy Gatwiri
245 ## - TITLE STATEMENT
Title An enhanced secure distributed ledger interoperability framework for medical systems /
Statement of responsibility, etc. Dorothy Gatwiri Bundi
260 ## - PUBLICATION, DISTRIBUTION, ETC. (IMPRINT)
Place of publication, distribution, etc. Nakuru, Kenya:
Name of publisher, distributor, etc. Kabarak University,
Date of publication, distribution, etc. 2024
300 ## - PHYSICAL DESCRIPTION
Extent xix, 278p.
650 ## - SUBJECT ADDED ENTRY--TOPICAL TERM
Topical term or geographic name as entry element Interoperability framework
700 ## - ADDED ENTRY--PERSONAL NAME
Personal name Karume, Simon M.
700 ## - ADDED ENTRY--PERSONAL NAME
Personal name Mutua, Stephen M.
942 ## - ADDED ENTRY ELEMENTS (KOHA)
Source of classification or shelving scheme Library of Congress Classification
Koha item type Thesis, Dissertation and Projecs
Holdings
Withdrawn status Lost status Source of classification or shelving scheme Not for loan Home library Current library Date acquired Inventory number Total Checkouts Full call number Barcode Date last seen Copy number Price effective from Koha item type
    Library of Congress Classification   Kabarak, Main Campus Kabarak, Main Campus 18/02/2025 2025/1995   The QA76.76 .B86 2024 C.1 33339 18/02/2025 C.1 18/02/2025 Thesis, Dissertation and Projecs
    Library of Congress Classification   Kabarak, Nakuru City Campus Kabarak, Nakuru City Campus 18/02/2025 2025/1996   The QA76.76 .B86 2024 C.1 33338 18/02/2025 C.1 18/02/2025 Thesis, Dissertation and Projecs
Designed with assistance from East African Informatics Ltd